000 00578nam a22001817a 4500
003 OSt
005 20260423050909.0
008 260423b |||||||| |||| 00| 0 eng d
020 _a971-06-1439-8.
040 _aOC
_cDWC-Main Lib
082 _aFil. 302 T575v 1990
100 _aTolentino, A.
245 _aVoice of dissent
_cTolentino, Arturo M.
260 _aQuezon City:
_bPhoenix Publishing House, Inc.,
_cc1990.
300 _aix, 891 pages ;
_c26 cm.
504 _aIncludes index.
942 _2ddc
_cBK - FIL
_hFil. 302 T575v 1990
_kFil.
_n0
999 _c9791
_d9791